Human-Computer Interaction (E-Book) (Record no. 191203)
[ view plain ]
| 000 -LEADER | |
|---|---|
| fixed length control field | 00782 a2200145 4500 |
| 003 - CONTROL NUMBER IDENTIFIER | |
| control field | Nust |
| 005 - DATE AND TIME OF LATEST TRANSACTION | |
| control field | 20170207154011.0 |
| 040 ## - CATALOGING SOURCE | |
| Transcribing agency | Nust |
| 100 ## - MAIN ENTRY--PERSONAL NAME | |
| Personal name | Prof. Dr. Keith Andrews |
| 245 ## - TITLE STATEMENT | |
| Title | Human-Computer Interaction (E-Book) |
| Statement of responsibility, etc. | Prof. Dr. Keith Andrews |
| 260 ## - PUBLICATION, DISTRIBUTION, ETC. | |
| Place of publication, distribution, etc. | USA |
| Name of publisher, distributor, etc. | Graz University of Technology Inffeldgasse 16c A-8010 Graz |
| Date of publication, distribution, etc. | 2011 |
| 300 ## - PHYSICAL DESCRIPTION | |
| Extent | xiv,188.p |
| 505 ## - FORMATTED CONTENTS NOTE | |
| Formatted contents note | Human Computer Interaction(Page-1) Usability Engineering (Page-41) Know the User (Page-51) Usability Benchmarking (Page-57) Goal-Oriented Interaction Design (Page-59) Prototyping (Page-77) Usability Inspection Methods (Page-85) Usability Testing Methods (Page-105) Usability in Practice (Page-139) Visual Design and Typography (Page-147) Icon Design (Page-155) A Brief History of HCI (Page-173) |
| 651 ## - SUBJECT ADDED ENTRY--GEOGRAPHIC NAME | |
| Geographic name | E-Book |
| 942 ## - ADDED ENTRY ELEMENTS (KOHA) | |
| Source of classification or shelving scheme | |
| Koha item type | Book |
| Withdrawn status | Lost status | Source of classification or shelving scheme | Damaged status | Not for loan | Collection code | Permanent Location | Current Location | Date acquired | Total Checkouts | Barcode | Date last seen | Price effective from | Koha item type |
|---|---|---|---|---|---|---|---|---|---|---|---|---|---|
| Military College of Signals (MCS) | Military College of Signals (MCS) | 12/12/2016 | MCSEB-426 | 12/08/2016 | 12/12/2016 | Book |
